000 00431nam a22001577a 4500
020 _a978-989-37-0632-1
040 _cSINES-NUST.
082 _a547.12
_bRAS
100 _aShahnaz Rashid.
_9111749
245 _aChemistry for Grade-10 /
_cRashid, Shahnaz
260 _aIslamabad:
_bNational Book Foundation,
_c2015.
300 _a220p. :
_bill. ;
_c30cm.
440 _aChemistry
_9111750
650 _xChemistry.
942 _2ddc
_cREF
999 _c594437
_d594437